| 000 | 00000cas 2200000zi 4500 |
| 001 | 9.958278 |
| 003 | CaOODSP |
| 005 | 20260316085520 |
| 006 | m o d f |
| 007 | cr ||||||||||| |
| 008 | 251215d19471971oncmr p o f0###a0eng|d |
| 022 | |y0015-7309 |
| 040 | |aCaOODSP|beng|erda|cCaOODSP |
| 043 | |an-cn--- |
| 086 | 1 |aC12-54E-PDF |
| 245 | 00|aForeign trade. |
| 264 | 1|aOttawa : |bDepartment of Trade and Commerce, |c1947-1971. |
| 310 | |aMonthly, |bJune 1971- |
| 321 | |aWeekly, |b1947-1954 |
| 321 | |aBiweekly, |b1954-May 1971 |
| 336 | |atext|btxt|2rdacontent |
| 337 | |acomputer|bc|2rdamedia |
| 338 | |aonline resource|bcr|2rdacarrier |
| 362 | 1 |aBegan with: Vol. 1 (1947); ceased with Vol. 135 no. 16 (October 1971) |
| 500 | |aNumbering varies. |
| 500 | |aIssued also in French under title: Commerce extérieur. |
| 550 | |aPublished by the Department of Industry, Trade and Commerce, September 1968-1971. |
| 588 | |aDescription based on: Vol. 103, no. 1 (January 8, 1955) |
| 588 | |aLatest issue consulted: Vol. 135 no. 16 (October 1971) |
| 650 | 0|aCommerce|vPeriodicals. |
| 651 | 0|aCanada|xCommerce|vPeriodicals. |
| 655 | 7|aPeriodicals|2lcgft |
| 710 | 1 |aCanada. |bDepartment of Trade and Commerce, |eissuing body. |
| 710 | 1 |aCanada. |bDepartment of Industry, Trade and Commerce, |eissuing body. |
| 775 | 08|tCommerce extérieur.|w(CaOODSP)9.958292 |
| 785 | 00|tCanada commerce.|w(CaOODSP)9.958314 |